Responses for Show #5468 - Wednesday, May 21, 2008

Larissa Kelly game 2.

Contestants

[<< previous game]

Brandon LaMarr, a pharmacy student from Denver, Colorado

Ruth Doucette, a protocol systems coordinator from Reading, Massachusetts

Larissa Kelly, a grad student from El Cerrito, California (whose 1-day cash winnings total $45,200)

[next game >>]

Jeopardy! Round responses

AROUND THE BIBLE
STATE THE TV STATE
(Alex: We are going to be giving you the titles of TV shows and you tell us the locale of that particular show.)
CRIME TIME
POTPOURRI
PERUVIAN FOOD & DRINK
"DD" TEA
    $200 12
12

Brandon
    $200 1
Washington

Larissa
    $200 6
manslaughter

Larissa
    $200 21
a daisy

Ruth
    $200 24
ceviche

Larissa
    $200 11
(Christopher) Dodd

Brandon
    $400 13
(Larissa: Who is Abraham?)

Adam

LarissaRuth
    $400 2
(Ruth: What is Milwaukee?)
...
(Alex: Yes, the state.)

Wisconsin

LarissaRuth
    $400 7
a police car

Larissa
    $400 22
French's

Larissa
    $400 25
lima beans

Triple Stumper
    $400 14
a rudder

Brandon
    $600 17
Job

Triple Stumper
    $600 3
Texas

Larissa
    $600 8
gangbusters

Larissa
    $600 23
lint

Larissa
    $600 28
potatoes

Ruth
    $600 15
the adder

Brandon
    $800 18
death (or died)

Brandon
    $800 4
(Larissa: What is Oklahoma?)

Kansas

Larissa
Triple Stumper
    $800 9
Pope John Paul II

Ruth
    $800 26
Calamity Jane

Larissa
    $800 29
the 400th anniversary

Triple Stumper
    $800 16
a paddock

Larissa
    $2,200 19
Deborah

Brandon
    $1000 5
Maryland

Larissa
    $1000 10
D.B. Cooper

Ruth
    $1000 27
Navajo

Larissa
    $1000 30
brandy

Triple Stumper
    $1000 20
(Brandon: What is the maddening crowd?)
(Ruth: What is the [*] crowd?)
...
(Alex: [*], yes. I believe you added one syllable too many there, Brandon.)

madding

RuthBrandon

Scores at the first commercial break (after clue 15):

Larissa Ruth Brandon
$2,200 $1,800 $1,400

Scores at the end of the Jeopardy! Round:

Larissa Ruth Brandon
$6,000 $3,600 $3,400

Double Jeopardy! Round responses

EUROPEAN ART
THEY'RE SO ATHLETIC!
FUN WITH OPERA
PHYSICISTS
CITY LITTER
(Alex: Now, in [*], each correct response will be the name of an author, & an author who has the same name as a place. Could be a city, could be a state, could be a country.)
RHYME TIME
    $400 9
Rembrandt

Larissa
    $400 1
Tiger Woods

Brandon
    $400 4
King Arthur

Larissa
    $400 17
(Edwin) Hubble

Larissa
    $400 26
Washington Irving

Triple Stumper
    $400 15
a loud cloud

Ruth
    $800 10
Rodin

Ruth
    $800 2
the New York Giants

Brandon
    $800 5
Where The Wild Things Are

Larissa
    $800 18
Fermi

Brandon
    $800 27
Charles Darwin

Larissa
    $800 16
a mock sock

Larissa
    $1200 12
Manet

Brandon
    $1200 3
Roger Clemens

Larissa
    $1200 6
Falstaff

Larissa
    $1200 22
(Brandon: What is a quark?)

a neutrino

LarissaBrandon
    $3,000 28
Jack London

Larissa
    $1200 19
a mean queen

Ruth
    $1600 14
Botticelli

Triple Stumper
    $1600 11
Shaquille O'Neal

Larissa
    $5,000 7
Faust

Larissa
    $1600 23
(Alex: [*] Smart!)

James Clerk Maxwell

Triple Stumper
    $1600 29
Shirley Jackson

Larissa
    $1600 20
a racket packet

Brandon
    $2000 25
Constantin Brancusi

Triple Stumper
    $2000 13
Tim Tebow

Brandon
    $2000 8
[Applause]
(Alex: Ran the category, well done.)

Aida

Larissa
    $2000 24
Erwin Schrodinger

Triple Stumper
    $2000 30
(Sir Walter) Raleigh

Larissa
    $2000 21
a quick stick

Larissa

Scores at the end of the Double Jeopardy! Round:

Larissa Ruth Brandon
$30,400 $6,000 $9,000
(lock game)

[wagering suggestions for these scores]

Final Jeopardy! Round responses

WORLD HISTORY
RuthWhat are Israel + Jordan
$3,000
BrandonWhat are East & West Germany?
$3,000
LarissaWhat are Pakistan and India?
$5,000
Pakistan & India

Final scores:

Larissa Ruth Brandon
$35,400 $3,000 $6,000
2-day champion: $80,600 3rd place: $1,000 2nd place: $2,000

Game dynamics:

Coryat scores:

Larissa Ruth Brandon
$25,200 $6,000 $7,800
29 R
(including 2 DDs),
2 W
9 R,
1 W
12 R
(including 1 DD),
2 W

Combined Coryat: $39,000

[game clues] [game scores] [suggest correction]

Game tape date: 2008-02-19
The J! Archive is created by fans, for fans. Scraping, republication, monetization, and malicious use prohibited; this site may use cookies and collect identifying information. See terms. The Jeopardy! game show and all elements thereof, including but not limited to copyright and trademark thereto, are the property of Jeopardy Productions, Inc. and are protected under law. This website is not affiliated with, sponsored by, or operated by Jeopardy Productions, Inc. Join the discussion at JBoard.tv.